000 00479nam a2200193Ia 4500
005 20240823013943.0
008 240823s9999||||xx |||||||||||||| ||und||
020 _a81-7881-263-0
041 _aENGLISH
082 _A954.031 P4
100 _aJanardhan Rao N
245 0 _aEast India Company : From Traders to Rulers
250 _a1st
260 _c2004
_bICFAI
_aHyderabad
500 _aTRANSFERED
650 _aGeneral Studies
_bGeneral
942 _cBK
999 _c168699
_d168699